| 000 | 01495cam a22004095a 4500 | ||
|---|---|---|---|
| 003 | EG-ScBUE | ||
| 005 | 20220803095434.0 | ||
| 008 | 101021r20052004enka f 000 0 eng d | ||
| 020 | _a1859647820 (Level 2) | ||
| 020 | _a9781859647820 (Level 2) | ||
| 020 | _a9781859647929 (Level 3) | ||
| 020 | _a1859647928 (Level 3) | ||
| 020 | _a9781859647721 (Level 1) | ||
| 020 | _a1859647723 (Level 1) | ||
| 040 |
_aEG-ScBUE _beng _erda _cEG-ScBUE _dEG-ScBUE |
||
| 082 | 0 | 4 |
_a428.34 _bPHI _222 |
| 100 | 1 |
_aPhillips, Terry, _d1949- _eauthor. |
|
| 245 | 1 | 0 |
_aSkills in English : _bReading resources / _cTerry Phillips. |
| 246 | 3 | 4 |
_aSkills in English : _breading. _pCourse book |
| 250 | _aSecond edition. | ||
| 250 | _aReprinted edition. | ||
| 264 | 1 |
_aReading, U.K. : _bGarnet Education, _c2005. |
|
| 300 |
_a3 volumes : _billustrations ; _c25 cm |
||
| 336 |
_2rdacontent _atext _btxt |
||
| 337 |
_2rdamedia _aunmediated _bn |
||
| 338 |
_2rdacarrier _avolume _bnc |
||
| 500 | _aReprinted second edition 2004. | ||
| 505 | 0 | _aLevel 1 -- Level 2 -- Level 3. | |
| 520 | _aPreparing students for entry into colleges and universities. | ||
| 650 | 7 |
_aEnglish language _vTextbooks for foreign speakers. _2BUEsh _920579 |
|
| 650 | 7 |
_aEnglish language _xSpoken English. _2BUEsh _936034 |
|
| 650 | 7 |
_aEnglish language _xGrammar _vProblems, exercises, etc. _2BUEsh _920580 |
|
| 651 | 7 | _2BUEsh | |
| 653 |
_bHHUUEENN _cAugust2015 _cJanuary2019 _cJuly2019 |
||
| 655 |
_vReading book _934232 |
||
| 942 |
_2ddc _cBB |
||
| 999 |
_c14782 _d14782 |
||